000
00339 a2200157 4500
001
161616
020
_a
85-305-0123-3
040
_c
Magnum
100
_a
Aguiar, Luiz Antonio
240
1
0
_a
Demétrio, o tímido
_l
por
245
1
0
_a
Demétrio, o tímido
300
_a
62
362
0
_a
1997
697
_a
LITERATURA JUVENIL
942
_c
BK
999
_c
161616
_d
161616